Plant association and management guide for the Western Hemlock Zone : Gifford Pinchot National Forest /

Bibliographic Details
Main Author: Topik, Christopher
Corporate Author: United States. Forest Service. Pacific Northwest Region
Other Authors: Halverson, Nancy M., Brockway, Dale G.
Format: Government Document Book
Language:English
Published: [Portland, Or.?] : U.S. Dept. of Agriculture, Forest Service, Pacific Northwest Region, 1986.
Subjects:
Online Access:http://hdl.handle.net/1957/16041

MARC

Tag First Indicator Second Indicator Subfields
LEADER 00000cam a2200000Ia 4500
001 in00002782791
005 20150922145132.0
008 861117s1986 orua b f000 0 eng d
019 |a 14403103 
035 |a (OCoLC)ocm14757853 
035 |a (OCoLC)14757853  |z (OCoLC)14403103 
040 |a JJG  |c JJG  |d GPO  |d OCL  |d AGL  |d GPO  |d CAW  |d OCL  |d OCLCQ  |d ORE  |d MTG  |d UtOrBLW 
043 |a n-us-wa 
049 |a TXAM 
050 4 |a SD428.G53  |b T66 1986 
070 0 |a aQH541.5.F6T6 
072 0 |a F700 
072 0 |a F300 
072 0 |a K001 
074 |a 79-C-1 (microfiche) 
082 0 4 |a 634.9209797 
086 0 |a A 13.66/12:G 36/2  |z A 13.66/12:G 36 
088 |a R 6-ECOL-230 A-1986 
100 1 |a Topik, Christopher. 
245 1 0 |a Plant association and management guide for the Western Hemlock Zone :  |b Gifford Pinchot National Forest /  |c by Christopher Topik, Nancy M. Halverson, Dale G. Brockway. 
264 1 |a [Portland, Or.?] :  |b U.S. Dept. of Agriculture, Forest Service, Pacific Northwest Region,  |c 1986. 
300 |a 132 pages :  |b illustrations ;  |c 28 cm. 
336 |a text  |b txt  |2 rdacontent 
337 |a unmediated  |b n  |2 rdamedia 
338 |a volume  |b nc  |2 rdacarrier 
500 |a Cover title. 
500 |a Distributed to depository libraries in microfiche. 
500 |a "June 1986." 
504 |a Includes bibliographical references (pages 107-111). 
500 |a "R6-ECOL-230A-1986." 
530 |a Also available on the World Wide Web. 
650 0 |a Forest ecology  |z Washington (State)  |z Gifford Pinchot National Forest. 
650 0 |a Forest plants  |z Washington (State)  |z Gifford Pinchot National Forest. 
650 0 |a Forest management  |z Washington (State)  |z Gifford Pinchot National Forest. 
651 0 |a Gifford Pinchot National Forest (Wash.) 
700 1 |a Halverson, Nancy M. 
700 1 |a Brockway, Dale G. 
710 1 |a United States.  |b Forest Service.  |b Pacific Northwest Region. 
856 4 1 |u http://hdl.handle.net/1957/16041  |t 0 
994 |a C0  |b TXA 
948 |a cataloged  |b h  |c 2012/11/20  |e zprado  |f 05:39:56 pm 
999 |a MARS 
999 f f |s 72168baa-cf83-3376-bc88-5ecb469ccdb2  |i a2620da4-2bb8-3b2d-9094-ae46e3df8f6d  |t 0 
952 f f |p normal  |a Texas A&M University  |b College Station  |c Sterling C. Evans Library  |d Evans: US Documents (Annex 5th floor)  |t 0  |e A 13.66/12:G 36/2  |h Superintendent of Documents classification  |i unmediated -- volume  |m A14839360311 
998 f f |a A 13.66/12:G 36/2  |t 0  |l Evans: US Documents (Annex 5th floor)